| 000 | 00428nam a2200145 a 4500 | ||
|---|---|---|---|
| 001 | 1133 | ||
| 003 | CDMR | ||
| 005 | 20130708111421.0 | ||
| 008 | 130130s2002||||||||||||||||||||||||||||d | ||
| 040 |
_aCDMR _bcat _cCPC GIRONA |
||
| 100 | 1 |
_aGüell, Xavier _9887 |
|
| 245 | 1 | 4 |
_aEls castells: entre la passió i la història _bArtícles de la primer època d'or (1851-1889) _cGüell, Xavier |
| 260 |
_c2002 _bCossetània |
||
| 942 |
_cMON _2udc |
||
| 999 |
_c1133 _d1133 |
||